00956nam0a22002411 4500001001100000005001700011021001900028035002600047100004100073101000800114102000700122105001800129200016200147210005300309215002300362320003100385606010300416700006400519701007200583801001800655801002200673852001900695rc\434891520250612054821.0 aRUb[63-59447] a(NLR Aleph) 008528471 a20130416d1963 |||y0rusy50 ca0 arus aRU aa z |||||1 aАвтоматическое регулирование скорости подачи на многопильных круглопильных станках aМоскваcГослесбумиздатd1963 a144 с.cил.d21 aБиблиогр.: с. 142 aЛесопильные станкиxАвтоматическое регулирование2psbo 1aГафановичbВ.С.gВиктор Семенович 1aЯкунинbН.К.gНиколай Константинович 0aRUbNLRgpsbo 1aRUbELAR2rusmarc aNLRj63-5/3969